[Event "Parana x Brasil"]
[Site "http://www.queenalice.com/game.php?id=1048169"]
[Date "2012.4.12"]
[Round "-"]
[White "gomestrovao"]
[Black "petraca"]
[Result "0-1"]
[WhiteElo "1824"]
[BlackElo "1768"]

1. e4 e5 2. Bc4 Nc6 3. Nf3 Bc5 4. d3 h6 5. Nc3 Nf6 6. h3 O-O 7. O-O d6 8. a3 a5
9. Qe2 Nd4 10. Nxd4 Bxd4 11. Nd5 c6 12. Nxf6+ Qxf6 13. Be3 Bxb2 14. Ra2 Bc3 15.
Rb1 b5 16. Rb3 bxc4 17. Rxc3 d5 18. dxc4 d4 19. Bxd4 exd4 20. Rb3 Qg5 21. Kh1
Re8 22. f3 Be6 23. Rab2 Qc5 24. Qd1 Bxc4 25. Rb6 Qxa3 26. Qb1 c5 27. Rb8 Qc3 28.
Rxe8+ Rxe8 29. Rb8 Rxb8 30. Qxb8+ Kh7 31. Qc7 Be6 32. Kh2 a4 33. f4 Qxc2 34. f5
Bb3 35. Qg3 Qxe4 36. Qf3 Qxf3 37. gxf3 a3 0-1

[Event "AUTO-INT-2243"]
[Site "http://www.queenalice.com/game.php?id=1052443"]
[Date "2012.4.25"]
[Round "2"]
[White "Gabriel_HD"]
[Black "petraca"]
[Result "0-1"]
[WhiteElo "1667"]
[BlackElo "1893"]

1. e4 e5 2. Nf3 Nc6 3. Bb5 d6 4. h3 Bd7 5. d3 a6 6. Bxc6 Bxc6 7. O-O Nf6 8. Bg5
h6 9. Bxf6 Qxf6 10. Nc3 O-O-O 11. Nd5 Qe6 12. Nb4 Bd7 13. d4 exd4 14. Qxd4 c5
15. Qc3 Qg6 16. Kh2 Qxe4 17. Nd3 Bc6 18. Rae1 Qf5 19. Re3 Rg8 20. Rfe1 g5 21. b4
cxb4 22. Nxb4 Bg7 23. Qc4 Qd7 24. Re7 Qf5 25. Rxf7 Qb5 26. Qe6+ Bd7 27. Qe4 Rde8
28. Qh7 Bc3 29. Rxe8+ Rxe8 30. Nd3 Rh8 31. Qg6 Qc6 32. Rh7 Rxh7 33. Qxh7 d5 34.
Nfe5 Qd6 35. Qh8+ Kc7 36. g3 Bb5 37. Qg7+ Kc8 38. Qg8+ Qd8 39. Qxd8+ Kxd8 40.
Nf7+ Ke7 41. Nxh6 Kf6 42. Ng4+ Kf5 43. Ne3+ Kg6 0-1

[Event "AUTO-INT-2243"]
[Site "http://www.queenalice.com/game.php?id=1052444"]
[Date "2012.4.25"]
[Round "2"]
[White "petraca"]
[Black "Gabriel_HD"]
[Result "1-0"]
[WhiteElo "1836"]
[BlackElo "1864"]

1. e4 e5 2. Nf3 Nc6 3. Bc4 Bb4 4. a3 Ba5 5. b4 Bb6 6. Nc3 Nf6 7. h3 d6 8. Ng5
O-O 9. Nxf7 Rxf7 10. Bxf7+ Kxf7 11. O-O Be6 12. d3 h6 13. Bb2 Bd4 14. Qf3 Ne7
15. Rab1 Bxc3 16. Bxc3 Ng6 17. Rbd1 Nf4 18. d4 Qe7 19. dxe5 dxe5 20. Rfe1 g5 21.
Bxe5 Rg8 22. Kh2 h5 23. Bxf4 gxf4 24. Qxf4 Rf8 25. e5 Kg7 26. exf6+ Rxf6 27.
Qg5+ Kf8 28. Qxh5 Rxf2 29. Qh8+ Kf7 30. Qh7+ Ke8 31. Qg6+ Qf7 32. Rxe6+ Kf8 33.
Rd8+ 1-0

[Event "AUTO-INT-2243"]
[Site "http://www.queenalice.com/game.php?id=1052445"]
[Date "2012.4.25"]
[Round "2"]
[White "twiddledeedum"]
[Black "petraca"]
[Result "1/2-1/2"]
[WhiteElo "1723"]
[BlackElo "1846"]

1. Nf3 Nc6 2. e4 e5 3. d4 exd4 4. Nxd4 Nxd4 5. Qxd4 d6 6. Nc3 Nf6 7. Bg5 Be7 8.
O-O-O Bd7 9. e5 dxe5 10. Qxe5 O-O 11. Nb5 c6 12. Nc3 Re8 13. Qd4 Nd5 14. Nxd5
Bxg5+ 15. Ne3 Be6 16. Kb1 Qxd4 17. Rxd4 Bf6 18. Rd2 Rad8 19. Rxd8 Rxd8 20. Bd3
Rd4 21. h3 c5 22. Rd1 h6 23. b3 Bg5 24. Re1 b6 25. Bc4 Bd7 26. g3 Bxh3 27. c3
Rd2 28. f4 Bf6 29. Nd5 Rg2 30. Nxf6+ gxf6 31. Re7 Bf5+ 32. Ka1 Bg6 33. Rxa7 Rxg3
34. Rb7 Rxc3 35. f5 Bh5 36. Rxb6 Kg7 37. Kb2 Rf3 38. a4 Rxf5 39. a5 Bf3 40. Rd6
Kf8 41. Rd8+ Ke7 42. Rh8 h5 43. a6 Be4 44. Ka3 Bc6 45. Rh7 Re5 46. Rxf7+ Kd8 47.
Rxf6 Kc7 48. Rf7+ Kb8 49. Rh7 h4 50. Rxh4 Re7 51. Rh5 Ra7 52. Rxc5 Bb7 53. Ra5
Kc7 54. Ka4 Kb6 55. b4 Bxa6 56. Bxa6 Rxa6 57. Rxa6+ Kxa6 58. b5+ Kb6 59. Kb4 Ka7
60. Ka5 Kb7 61. b6 Kb8 62. Ka6 Ka8 63. Kb5 Kb7 64. Kc5 Kb8 65. Kc6 Kc8 66. Kb5
Kb7 67. Ka5 Kb8 68. Ka6 Ka8 69. Kb5 Kb8 70. Ka6 Ka8 71. Kb5 1/2-1/2

[Event "AUTO-INT-2243"]
[Site "http://www.queenalice.com/game.php?id=1052446"]
[Date "2012.4.25"]
[Round "2"]
[White "petraca"]
[Black "twiddledeedum"]
[Result "0-1"]
[WhiteElo "1869"]
[BlackElo "1698"]

1. e4 e5 2. Nf3 d6 3. Bc4 Nf6 4. O-O Be7 5. Nc3 O-O 6. d4 Bg4 7. Qd3 Nc6 8. d5
Bxf3 9. Qxf3 Nd4 10. Qd1 b5 11. Bd3 a6 12. a3 c6 13. Re1 cxd5 14. Nxd5 Nxd5 15.
exd5 Qd7 16. c3 Nf5 17. Qf3 Nh4 18. Qe4 f5 19. Qe2 e4 20. Bc2 Qd8 21. Bf4 Bg5
22. Bg3 Ng6 23. f3 Bf4 24. Bf2 Be5 25. g3 f4 26. Bxe4 Qg5 27. g4 h5 28. h3 hxg4
29. hxg4 Bf6 30. Rad1 Ne5 31. Kg2 Kf7 32. Bf5 g6 33. Be6+ Kg7 34. Rh1 Nc4 35.
Rd3 Rh8 36. Rxh8 Rxh8 37. Rd1 Qh6 38. g5 Qxg5+ 39. Bg4 Be5 40. Re1 Qh6 41. Rg1
Qh2+ 42. Kf1 Ne3+ 43. Ke1 Nxg4 44. Rxg4 Rh3 45. Bg1 Qh1 46. Rg2 Rg3 47. Rxg3
fxg3 48. Kf1 Kf6 49. Qg2 Qxg2+ 50. Kxg2 Kf5 51. Be3 g5 52. Kh3 Bf4 53. Bxf4 Kxf4
54. Kg2 g4 55. fxg4 Kxg4 56. b3 Kf4 57. c4 bxc4 58. bxc4 Ke5 59. Kxg3 Kd4 60.
Kf3 Kxc4 61. Ke4 a5 62. a4 Kc5 63. Kd3 Kxd5 64. Kc3 Kc5 65. Kb3 d5 66. Kc3 d4+
67. Kb3 Kd5 68. Kc2 Kc4 69. Kd2 d3 70. Kc1 Kc3 71. Kd1 d2 72. Ke2 Kc2 0-1

[Event "OS INCLIVEIS"]
[Site "http://www.queenalice.com/game.php?id=1054934"]
[Date "2012.5.1"]
[Round "-"]
[White "adelio"]
[Black "petraca"]
[Result "0-1"]
[WhiteElo "1676"]
[BlackElo "1768"]

1. d4 d5 2. e4 dxe4 3. Nc3 Nf6 4. f3 exf3 5. Qxf3 e6 6. Ne4 Qxd4 7. c3 Qxe4+ 8.
Qxe4 Nxe4 9. Bf4 Bd6 10. Bxd6 cxd6 11. Rd1 O-O 12. Bd3 Nc5 13. Bc2 d5 14. Nf3
Nc6 15. O-O h6 16. h4 a5 17. g4 Rd8 18. h5 e5 19. Bf5 Bxf5 20. gxf5 Ne4 21. Kh2
Ne7 22. f6 gxf6 23. Rg1+ Kf8 24. Rg2 Rac8 25. Rdg1 d4 26. Nh4 Ng5 27. Rf2 Rc6
28. Rgf1 Ne4 29. Rg2 d3 30. Nf3 d2 31. Rd1 Rcd6 32. Kg1 Nf5 33. Nxd2 Nxd2 34.
Kh1 Ne3 35. Rgxd2 Nxd1 36. Rxd6 Rxd6 37. Kg2 e4 38. Kg3 e3 39. Kf3 Re6 40. Ke2
Nxb2 41. a3 a4 42. Ke1 e2 43. c4 Nd3+ 44. Kd2 e1=Q+ 45. Kxd3 Qe3+ 46. Kc2 Rd6
47. c5 Rd2+ 48. Kb1 Qe1# 0-1

[Event "Challenge"]
[Site "http://www.queenalice.com/game.php?id=1057785"]
[Date "2012.5.9"]
[Round "-"]
[White "jujuju"]
[Black "petraca"]
[Result "1-0"]
[WhiteElo "2183"]
[BlackElo "1868"]

1. d4 d5 2. c4 e6 3. Nc3 dxc4 4. e3 Bb4 5. Bxc4 Nf6 6. Nf3 O-O 7. O-O Nc6 8. a3
Bd6 9. e4 Nd7 10. Bg5 Be7 11. Bxe7 Qxe7 12. Be2 e5 13. d5 Nd8 14. b3 Nf6 15. Re1
b6 16. b4 a6 17. Bc4 b5 18. Be2 Nb7 19. g3 Rd8 20. Bd3 Bd7 21. h4 c6 22. Qe2 Ng4
23. Rad1 Re8 24. Ng5 h6 25. dxc6 Bxc6 26. Qxg4 Bd7 27. Qh5 hxg5 28. Nd5 Qd8 29.
hxg5 Rc8 30. f4 Bc6 31. Qg4 Bxd5 32. exd5 exf4 33. Rxe8+ Qxe8 34. Qxf4 Rd8 35.
Kf2 g6 36. Qc7 Nd6 37. g4 Rd7 38. Qc6 Qc8 39. Kf3 Qb7 40. Ra1 Nc8 41. Qxb7 Rxb7
42. a4 Nb6 43. axb5 axb5 44. Bxb5 Kg7 45. Bc6 Rc7 46. b5 Rc8 47. Ke4 Kf8 48. d6
Rd8 49. Rd1 Nc4 50. d7 Ke7 51. Re1 Kd6 52. Kd4 Nb6 53. Re8 Kc7 54. Re7 Nxd7 55.
Rxf7 Kd6 56. Bd5 Rb8 57. Bc4 Nf8 58. Rf6+ Ke7 59. Ke4 Rd8 60. b6 Rd6 61. b7 Rd8
62. Bd5 Rb8 63. Kd4 Rd8 64. Ke4 Rb8 65. Kd4 Rd8 66. Ra6 Rb8 67. Ra8 Nd7 68. Rxb8
Nxb8 69. Kc5 Nd7+ 70. Kc6 Nb8+ 71. Kc7 Na6+ 72. Kc8 Ke8 73. b8=Q Nxb8 74. Kxb8
Ke7 75. Kc7 Ke8 76. Kd6 1-0

[Event "OS INCLIVEIS"]
[Site "http://www.queenalice.com/game.php?id=1057826"]
[Date "2012.5.9"]
[Round "-"]
[White "adelio"]
[Black "petraca"]
[Result "0-1"]
[WhiteElo "1681"]
[BlackElo "1755"]

1. d4 d5 2. e4 dxe4 3. Nc3 Nf6 4. f3 Nc6 5. d5 Nb4 6. h3 exf3 7. Nxf3 Nbxd5 8.
Bg5 e6 9. g4 Bb4 10. a3 Bxc3+ 11. bxc3 Nxc3 12. Qxd8+ Kxd8 13. Bxf6+ gxf6 14.
Bg2 e5 15. O-O Ke7 16. Rfe1 Rd8 17. g5 Be6 18. Re3 Nd5 19. Rb3 b6 20. gxf6+ Kxf6
21. Rf1 Rg8 22. Nd4+ Ke7 23. Nxe6 Kxe6 24. Kh1 Rad8 25. Be4 Nf6 26. Bf5+ Ke7 27.
Re3 Rd5 28. c4 Rc5 29. Bd3 Rg5 30. Ref3 e4 31. Rxf6 exd3 32. Rxf7+ Kd6 33. Rxh7
Rxc4 34. Rd1 Rd5 35. Rh8 Rc3 36. Rg8 Rxa3 37. Rg3 c5 38. Rf1 c4 39. Rg6+ Kc5 40.
Rg2 d2 41. Kh2 Rc3 42. Rd1 Rc2 43. Rg8 c3 44. Rc8+ Kb4 45. Rg8 Rc1 46. Rg4+ Kb3
47. Rgg1 Kc2 48. Rdf1 Rxf1 49. Rxf1 d1=Q 50. Rxd1 Kxd1 51. Kg2 Rf5 52. Kh2 Rg5
53. h4 Rg8 54. Kh3 c2 55. h5 c1=Q 56. h6 Qxh6# 0-1

[Event "OS INCLIVEIS"]
[Site "http://www.queenalice.com/game.php?id=1062589"]
[Date "2012.5.22"]
[Round "-"]
[White "adelio"]
[Black "petraca"]
[Result "0-1"]
[WhiteElo "1700"]
[BlackElo "1814"]

1. d4 d5 2. c4 Nf6 3. c5 Bf5 4. Nc3 Nc6 5. a3 e5 6. Bg5 exd4 7. Bxf6 gxf6 8. Nb5
Bxc5 9. b4 Bb6 10. Ra2 a6 11. Nxd4 Bxd4 12. e3 Bc3+ 13. Rd2 Qe7 14. g4 Bg6 15.
Nf3 Be4 16. Bg2 O-O-O 17. O-O Bxd2 18. Nxd2 Ne5 19. Nxe4 dxe4 20. Qc2 Nf3+ 21.
Kh1 Qe5 22. Bxf3 exf3 23. h3 h5 24. Qf5+ Qxf5 25. gxf5 Rhg8 26. e4 Rd2 27. h4
Rg2 28. a4 Rdxf2 29. Rxf2 Rxf2 30. b5 a5 31. e5 fxe5 32. b6 c5 33. f6 e4 34. Kg1
e3 35. Kh1 e2 36. Kg1 Rg2+ 37. Kh1 e1=Q# 0-1

[Event "OS INCLIVEIS"]
[Site "http://www.queenalice.com/game.php?id=1064327"]
[Date "2012.5.26"]
[Round "-"]
[White "adelio"]
[Black "petraca"]
[Result "0-1"]
[WhiteElo "1702"]
[BlackElo "1825"]

1. Nf3 Nc6 2. e4 e5 3. g3 Nf6 4. d3 Bc5 5. h3 O-O 6. Bg5 h6 7. Bxf6 Qxf6 8. Nbd2
Nd4 9. c3 Nxf3+ 10. Nxf3 d6 11. Bg2 Re8 12. b4 Bb6 13. a4 c6 14. a5 Bc7 15. Ra2
Be6 16. c4 b5 17. axb6 axb6 18. Qd2 b5 19. O-O bxc4 20. Rfa1 Rxa2 21. Qxa2 cxd3
22. Qa7 Qe7 23. Qe3 Bc4 24. Nh4 Qg5 25. f4 exf4 26. Qxf4 Qxf4 27. gxf4 Rb8 28.
Nf5 Kf8 29. e5 d5 30. Ra7 Bb6+ 31. Kh2 Bxa7 32. Nd6 Bb3 33. f5 Rxb4 34. e6 fxe6
35. fxe6 Bc5 36. Nc8 d2 37. Bf3 Rf4 38. Kg3 Rxf3+ 39. Kg4 d1=Q 40. e7+ Bxe7 41.
Nxe7 Kxe7 42. Kh5 Rxh3+ 43. Kg6 Bc2+ 44. Kxg7 Rg3+ 45. Kxh6 Qh1# 0-1

[Event "Challenge"]
[Site "http://www.queenalice.com/game.php?id=1066953"]
[Date "2012.6.1"]
[Round "-"]
[White "Andrei_78"]
[Black "petraca"]
[Result "0-1"]
[WhiteElo "1752"]
[BlackElo "1853"]

1. e4 e5 2. Nf3 Nc6 3. a3 Nf6 4. h3 Nxe4 5. Bd3 Nf6 6. O-O d5 7. Nc3 h6 8. Bb5
Bd6 9. Qe1 Qe7 10. d3 Bd7 11. Bxc6 Bxc6 12. Bd2 O-O-O 13. Qe3 d4 14. Nxd4 exd4
15. Qxd4 Bh2+ 16. Kxh2 Rxd4 17. Be3 Rh4 18. Ne2 Ng4+ 19. Kg1 Nxe3 20. fxe3 Qxe3+
21. Rf2 Bxg2 22. Kxg2 Qxh3+ 23. Kg1 Qh1# 0-1

[Event "Challenge"]
[Site "http://www.queenalice.com/game.php?id=1070304"]
[Date "2012.6.9"]
[Round "-"]
[White "Andrei_78"]
[Black "petraca"]
[Result "0-1"]
[WhiteElo "1730"]
[BlackElo "1883"]

1. e4 e5 2. Nf3 Nc6 3. a3 Nf6 4. Bb5 d6 5. O-O Nxe4 6. d3 Nf6 7. h3 Bd7 8. Bxc6
Bxc6 9. Nc3 Qe7 10. Bg5 h6 11. Bxf6 Qxf6 12. Qe2 O-O-O 13. Nd1 g6 14. Ne3 Bg7
15. Ng4 Qf4 16. Ne3 Rhe8 17. c3 e4 18. dxe4 Bxe4 19. Nd5 Bxd5 20. Rad1 Rxe2 21.
Rxd5 Rxb2 22. Rd3 Re8 23. Nd4 Rxf2 24. Rf3 Rxf3 25. Nxf3 Bxc3 26. Nh2 Qd4+ 27.
Kh1 Re1 28. Rxe1 Bxe1 29. Nf3 Qd1 30. Kh2 Bf2 31. a4 Qxa4 32. Ng1 Qf4+ 33. Kh1
Qc1 0-1

[Event "Challenge"]
[Site "http://www.queenalice.com/game.php?id=1078257"]
[Date "2012.7.1"]
[Round "-"]
[White "argusvia"]
[Black "petraca"]
[Result "0-1"]
[WhiteElo "1845"]
[BlackElo "1865"]

1. e4 e5 2. Nf3 Nc6 3. Bb5 Nf6 4. O-O d6 5. Re1 Bd7 6. Nc3 a6 7. Ba4 b5 8. Bb3
Ne7 9. Ng5 Be6 10. Bxe6 fxe6 11. Nxe6 Qd7 12. Nxf8 Rxf8 13. d4 O-O-O 14. d5 b4
15. Nb1 c6 16. dxc6 Qxc6 17. Bg5 d5 18. exd5 Nexd5 19. Nd2 h6 20. c4 Nb6 21. Bh4
g5 22. Bg3 Nxc4 23. Qb3 Nxd2 24. Qxb4 Qb5 25. Qxb5 axb5 26. Rac1+ Kb7 27. Bxe5
Nc4 28. Bxf6 Rxf6 29. b3 Nd6 30. h3 Re8 31. Rxe8 Nxe8 32. g4 Nd6 33. Kg2 Ne4 34.
f3 Nd2 35. Rc2 Nb1 36. a4 Kb6 37. axb5 Kxb5 38. Kg3 Kb4 39. Rb2 Nc3 40. Kg2 Ka3
41. Rd2 Kxb3 0-1

[Event "Challenge"]
[Site "http://www.queenalice.com/game.php?id=1079486"]
[Date "2012.7.5"]
[Round "-"]
[White "betofortaleza"]
[Black "petraca"]
[Result "0-1"]
[WhiteElo "1905"]
[BlackElo "1865"]

1. e4 e5 2. Bc4 Nf6 3. d3 d5 4. exd5 Nxd5 5. Qe2 Nc6 6. Nf3 Qd6 7. Bf4 Nxf4 8.
Qe4 Nxg2+ 9. Kd2 Be6 10. Bxe6 Qxe6 11. a3 h6 12. Nc3 O-O-O 13. Na4 f5 14. Qe2 g5
15. Rae1 Nxe1 16. Rxe1 e4 17. Nc3 Qd6 18. Nb5 Qf4+ 0-1

[Event "Challenge"]
[Site "http://www.queenalice.com/game.php?id=1082680"]
[Date "2012.7.14"]
[Round "-"]
[White "petraca"]
[Black "betofortaleza"]
[Result "0-1"]
[WhiteElo "1841"]
[BlackElo "1806"]

1. e4 e5 2. Nf3 Nc6 3. Bb5 Qf6 4. Nc3 Nge7 5. d3 a6 6. Bg5 Qd6 7. Bc4 f6 8. Bh4
Nd4 9. O-O g5 10. Bg3 h5 11. h3 Ng6 12. Ne2 Nxf3+ 13. gxf3 c6 14. d4 Nf4 15.
Bxf4 gxf4 16. a3 Qe7 17. c3 d5 18. exd5 Bxh3 19. Kh2 Bxf1 20. Qxf1 f5 21. Nxf4
Qh4+ 22. Nh3 Bd6 23. Re1 O-O-O 24. dxe5 cxd5 25. Bxd5 Bc7 26. Be6+ Kb8 27. Bxf5
Rhf8 28. Re4 Qe7 29. Bg6 Rxf3 30. Qe2 Rdf8 31. Bxh5 R3f5 32. f4 Qh4 33. Bf3 Rxf4
34. Bg2 Rxe4 35. Qxe4 Qxe4 36. Bxe4 Bxe5+ 37. Kg2 Rd8 38. Nf2 Rd2 39. Kf3 Rxb2
40. Nd3 Rb5 41. a4 Ra5 42. Nxe5 Rxe5 43. Ke3 Ra5 44. Bc2 Rd5 45. c4 Rd6 0-1

[Event "Challenge"]
[Site "http://www.queenalice.com/game.php?id=1084183"]
[Date "2012.7.18"]
[Round "-"]
[White "Nyvang"]
[Black "petraca"]
[Result "1-0"]
[WhiteElo "1803"]
[BlackElo "1900"]

1. d4 d5 2. Bf4 Nf6 3. Nc3 a6 4. h3 Nc6 5. e3 Bf5 6. g4 Bg6 7. Bd3 Ne4 8. Nxe4
dxe4 9. Be2 f6 10. Qd2 e5 11. Bg3 exd4 12. exd4 Qd7 13. O-O-O O-O-O 14. h4 Nxd4
15. f3 Nxe2+ 16. Qxe2 Qxd1+ 17. Qxd1 Rxd1+ 18. Kxd1 e3 19. Ne2 Bc5 20. a3 Rd8+
21. Kc1 Rd2 22. Nf4 1-0

[Event "Challenge"]
[Site "http://www.queenalice.com/game.php?id=1091253"]
[Date "2012.8.7"]
[Round "-"]
[White "petraca"]
[Black "cyrillt"]
[Result "1-0"]
[WhiteElo "1880"]
[BlackElo "1673"]

1. e4 e5 2. Nf3 Nc6 3. Bc4 Nf6 4. O-O Bc5 5. Nc3 O-O 6. a3 d6 7. b4 Bd4 8. Re1
Ng4 9. Nxd4 Nxd4 10. h3 Nh6 11. d3 1-0

[Event "AUTO-INT-2282"]
[Site "http://www.queenalice.com/game.php?id=1102190"]
[Date "2012.9.12"]
[Round "2"]
[White "saturnin"]
[Black "petraca"]
[Result "1-0"]
[WhiteElo "1500"]
[BlackElo "1824"]

1. b4 e5 2. a3 Nf6 3. Bb2 d6 4. e3 Bf5 5. d3 a6 6. e4 Bg6 7. g3 Nc6 8. Bg2 Qd7
9. c4 O-O-O 10. Nf3 Bh5 11. O-O h6 12. b5 axb5 13. cxb5 Na5 14. a4 1-0

[Event "AUTO-INT-2282"]
[Site "http://www.queenalice.com/game.php?id=1102191"]
[Date "2012.9.12"]
[Round "2"]
[White "petraca"]
[Black "saturnin"]
[Result "0-1"]
[WhiteElo "1795"]
[BlackElo "1616"]

1. e4 e6 2. Nf3 d6 3. Bc4 c6 4. O-O d5 5. exd5 cxd5 6. Bb5+ Nc6 7. Ne5 Bd7 8.
Nxd7 Qxd7 9. d4 a6 10. Ba4 Be7 11. Bf4 b5 12. Bb3 Nf6 13. Re1 a5 14. a3 a4 15.
Ba2 O-O 16. Nc3 b4 0-1